000 00558nam a2200145Ia 4500
008 151213s9999 xx 000 0 und d
100 _aনুর্ন্ন্েদু পন্ডী
245 _aকবিতার ঘর ও বাহির
_cনুর্ন্ন্েদু পন্ডী
260 _aকলিকাতা
_bদে’জ পাবলিশিং
_c1983
300 _a7319 p.
650 _aBangla
650 _aবাংলা সাহিত্য
700 _aনুর্ন্ন্েদু পন্ডী
999 _c3889
_d3889